| 000 | 01705nam a2200373Ia 4500 | ||
|---|---|---|---|
| 001 | ebr10064797 | ||
| 003 | CaPaEBR | ||
| 006 | m u | ||
| 007 | cr cn||||||||| | ||
| 008 | 040329s2003 nyu s 000 0 eng d | ||
| 010 | _z 2004298132 | ||
| 020 | _z087609339X | ||
| 040 |
_aCaPaEBR _cCaPaEBR |
||
| 035 | _a(OCoLC)559673434 | ||
| 050 | 1 | 4 |
_aDS341.3.U6 _bN49 2003eb |
| 082 | 0 | 4 |
_a327.73054 _222 |
| 245 | 0 | 0 |
_aNew priorities in South Asia _h[electronic resource] : _bU.S. policy toward India, Pakistan, and Afghanistan : chairmen's report of an Independent Task Force cosponsored by the Council on Foreign Relations and the Asia Society / _cFrank G. Wisner, Nicholas Platt, and Marshall M. Bouton, co-chairs ; Dennis Kux and Mahnaz Isphani, project co-directors. |
| 260 |
_aNew York : _bCouncil on Foreign Relations Press, _cc2003. |
||
| 300 | _aix, 105 p. | ||
| 500 | _a"Task force members": p. 102-103. | ||
| 533 |
_aElectronic reproduction. _bPalo Alto, Calif. : _cebrary, _d2011. _nAvailable via World Wide Web. _nAccess may be limited to ebrary affiliated libraries. |
||
| 650 | 0 | _aInternational relations. | |
| 651 | 0 |
_aSouth Asia _xForeign relations _zUnited States. |
|
| 651 | 0 |
_aUnited States _xForeign relations _zSouth Asia. |
|
| 651 | 0 |
_aUnited States _xForeign relations _y2001-2009. |
|
| 655 | 7 |
_aElectronic books. _2local |
|
| 700 | 1 |
_aWisner, Frank _q(Frank G.) |
|
| 700 | 1 | _aPlatt, Nicholas. | |
| 700 | 1 |
_aBouton, Marshall M., _d1942- |
|
| 700 | 1 |
_aKux, Dennis, _d1931- |
|
| 700 | 1 | _aIspahani, Mahnaz Z. | |
| 710 | 2 | _aebrary, Inc. | |
| 856 | 4 | 0 |
_uhttp://site.ebrary.com/lib/rucke/Doc?id=10064797 _zAn electronic book accessible through the World Wide Web; click to view |
| 999 |
_c48288 _d48288 |
||